[Event "1st Goa GM Open 2018"]
[Site "Taleigao"]
[Date "2018.10.14"]
[Round "3"]
[White "Ritviz, Parab"]
[Black "Anurag, Mhamal"]
[Result "0-1"]
[WhiteElo "2252"]
[BlackElo "2495"]
[Annotator "TA"]
[PlyCount "66"]
[EventDate "2018.10.13"]
[EventType "swiss"]
[EventCountry "IND"]
[SourceTitle "playchess.com"]
[Source "ChessBase"]
[SourceQuality "1"]

{[%evp 19,66,-10,-14,-6,-2,-7,0,-13,0,-21,-28,-30,-37,-44,-45,-34,-34,-46,-29,-67,-23,-27,-18,-14,-13,-30,-17,-12,-18,-43,-48,-33,-5,-98,-93,-111,-89,-89,-97,-85,-27,-222,-222,-202,-189,-183,-164,-160,-160]} 1. e4 e5 2. Nf3 Nc6 3. Bb5 a6 4. Ba4 Nf6 5. d3 {[%cal Bd2d3,Bd3d4,Bd4d5][%mdl 32]} d6 6. c3 g6 7. O-O Bg7 8. Re1 O-O {C77: Ruy Lopez: 3...a6 4 Ba4 Nf6, unusual lines} 9. d4 (9. Nbd2 b5 10. Bc2 Bb7 11. Nf1 Nb8 12. d4 Nbd7 13. Ng3 Re8 14. a4 c6 15. Be3 Qc7 16. h3 exd4 17. cxd4 c5 {0-1 (65) McShane,L (2640)-Howell,D (2676) London 2017}) 9... b5 10. Bb3 Bg4 {LiveBook: 3 Games. The position is equal.} 11. d5 Na5 $146 ({Predecessor:} 11... Ne7 12. a4 Ne8 13. axb5 axb5 14. Rxa8 Qxa8 15. h3 Bd7 16. Na3 {0-1 (33) Karttunen,M (2465)-Ronka,E (2260) Helsinki 2016}) 12. Bc2 c6 13. dxc6 h6 14. Nbd2 Qc7 15. b4 Nxc6 16. h3 Be6 17. a4 d5 18. Bb2 Rad8 19. Qe2 dxe4 20. Nxe4 Nxe4 21. Bxe4 Bc4 22. Qe3 Ne7 $36 {[%cal Bc6e7,Be7c8,Bc8b6,Bb6d5][%mdl 2080] White is under pressure.} 23. axb5 axb5 24. Ra7 Qd6 25. Qc5 Nc8 26. Rc7 (26. Rb7 $11) 26... Nb6 $17 27. Qxd6 Rxd6 28. Ra1 f5 29. Bc2 Rf7 ({Black should try} 29... Rfd8 $17) 30. Raa7 $2 {[#]} (30. Rxf7 $11 {and White has nothing to worry.} Kxf7 31. Ra7+ Kf8 32. Ra6) 30... Rxc7 $1 $19 {Black is clearly better.} 31. Rxc7 Nd5 32. Rc8+ Kf7 {White must now prevent ...e4.} 33. Nd2 Ne7 $1 {[%csl LRc8,LRd2] Precision: White = 41%, Black = 73%.} 0-1

[Event "1st Goa GM Open 2018"]
[Site "Taleigao"]
[Date "2018.10.14"]
[Round "3"]
[White "Sahil, Tickoo"]
[Black "Vignesh N R"]
[Result "1/2-1/2"]
[WhiteElo "2217"]
[BlackElo "2447"]
[Annotator "TA"]
[PlyCount "126"]
[EventDate "2018.10.13"]
[EventType "swiss"]
[EventCountry "IND"]
[SourceTitle "playchess.com"]
[Source "ChessBase"]
[SourceQuality "1"]

{[%evp 16,126,48,53,54,52,74,76,65,64,57,47,70,70,149,135,127,125,145,141,148,137,156,146,144,150,157,156,170,170,170,173,172,166,165,152,149,95,93,89,130,25,36,36,105,6,6,6,7,13,13,14,14,22,29,36,44,0,0,0,0,0,0,0,0,0,0,0,0,0,0,0,0,0,0,0,0,0,0,0,0,0,0,0,0,0,0,0,0,0,0,0,0,0,0,0,0,0,0,0,0,0,0,0,0,-8,0,0,0,-8,-8,-8,0]} 1. d4 Nf6 2. Bf4 g6 3. Nc3 d5 (3... c5 4. dxc5 Qa5 5. a3 Qxc5 6. e4 Bg7 7. Nf3 d6 8. h3 O-O 9. Qd2 b6 10. O-O-O Bb7 11. Be3 {1-0 (48) Nabaty,T (2692)-Almasi,Z (2702) Batumi 2018}) 4. e3 Bg7 5. h4 h5 6. Nf3 {A45: Trompowsky Attack} O-O 7. Be2 c5 8. Nb5 Na6 9. c3 {LiveBook: 4 Games} Bd7 10. a4 {[%cal Ba2a4,Ba4b5][%mdl 32]} Bxb5 $146 ({Predecessor:} 10... c4) 11. axb5 ({Don't play} 11. Bxb5 Nc7 $11) 11... Nc7 12. Ne5 Ne6 13. Bh2 cxd4 14. cxd4 Bh6 (14... Nd7 $14) 15. Bd3 $1 $16 Ng7 16. g4 Nxg4 17. Nxg4 hxg4 18. Qxg4 Qc8 19. Qxc8 Rfxc8 20. Ke2 e6 21. Ra4 {Hoping for Rha1.} Ne8 22. Rha1 Bf8 23. Rxa7 Rxa7 24. Rxa7 Bd6 {[#]} 25. Be5 $1 f6 26. Bg3 ({Much worse is} 26. Rxb7 $6 fxe5 27. Bxg6 exd4 $11) (26. Bxd6 $142 Nxd6 27. Bxg6) 26... Bxg3 27. fxg3 {[%mdl 4096] Endgame KRB-KRN} Nd6 28. Ra3 (28. Bxg6 $16 f5 29. Kf3) 28... f5 29. Rc3 Kf7 {[#]} ({Black should play} 29... Kg7 $14) 30. Rxc8 ({White should try} 30. Kf3 $1 $16) 30... Nxc8 {KB-KN} 31. Kf3 Kf6 32. Kf4 b6 33. g4 fxg4 $1 34. Kxg4 Nd6 35. Kf4 Nf7 36. e4 dxe4 {The position is equal.} 37. Bxe4 Nd6 38. Bd3 Nf7 39. Be2 Nh6 40. Bd3 Nf5 41. Bxf5 exf5 $11 {KP-KP} 42. d5 Ke7 43. Kg5 Kd6 44. Kxg6 f4 {Threatens to win with ...f3.} 45. h5 f3 {aiming for ...f2.} 46. h6 f2 47. h7 f1=Q 48. h8=Q {And now Qb8+ would win. KQ-KQ} Qg2+ 49. Kf5 {Strongly threatening Qf6+.} Qxd5+ 50. Kf4 Qd2+ 51. Kf3 {Qd8+ would kill now.} Kc5 (51... Qd3+ {is more complex.} 52. Kf4 Qxb5 53. Qf6+ Kc7 54. Qe7+ Kc8) 52. Qc3+ Qxc3+ 53. bxc3 {KPP-KP} Kc4 54. Ke2 $1 Kxc3 {( -> ...Kc4). KP-KP} 55. Kd1 $1 Kb2 (55... Kd3 $5) 56. Kd2 Kb3 57. Kd3 Kb2 (57... Kb4 $5 58. Kc2 $8 Kxb5 $11) 58. Kd2 Ka3 59. Kc3 $1 Ka4 60. Kc4 Ka3 (60... Ka5 $5) 61. Kc3 Ka4 62. Kc4 Ka5 63. Kc3 Ka4 {Precision: White = 76%, Black = 72%.} (63... Kxb5 $5 64. Kb3 $8 Kc6 $11) 1/2-1/2

[Event "1st Goa GM Open 2018"]
[Site "Taleigao"]
[Date "2018.10.14"]
[Round "3"]
[White "Swati Ghate"]
[Black "Laxman, R.R."]
[Result "0-1"]
[WhiteElo "2215"]
[BlackElo "2443"]
[Annotator "TA"]
[PlyCount "46"]
[EventDate "2018.10.13"]
[EventType "swiss"]
[EventCountry "IND"]
[SourceTitle "playchess.com"]
[Source "ChessBase"]
[SourceQuality "1"]

{[%evp 15,46,12,41,17,22,-12,-8,-21,-16,-19,-2,-22,-16,-33,-27,-68,-61,-114,-102,-102,-69,-80,-73,-84,0,0,0,0,86,-68,-66,-85,-73]} 1. e4 e5 2. Nf3 Nc6 3. Bb5 a6 4. Ba4 Nf6 5. O-O Be7 6. d3 d6 7. c3 O-O 8. Nbd2 Bd7 {LiveBook: 26 Partien. C77: Spanische Partie (Anderssen-Variante)} (8... b5 9. Bc2 d5 10. d4 exd4 11. e5 d3 12. Bxd3 Ng4 13. Qe2 f6 14. exf6 Nxf6 15. h3 Bd6 16. Re1 Re8 17. Qd1 Rxe1+ 18. Qxe1 {½-½ (43) Karjakin,S (2773)-Aronian,L (2799) Saint Louis 2017}) 9. d4 exd4 10. Nxd4 $146 (10. cxd4 {with more complications.} d5 11. e5 Ne4 12. Re1 f5 13. exf6 Nxf6 14. h3) ({Vorgänger:} 10. cxd4 Nb4 11. a3 Nd3 12. Bc2 Nxc1 13. Rxc1 d5 14. e5 Nh5 15. Ne1 Nf4 16. Nd3 {1-0 (35) Zalys,I-Bush,C USA 1982}) 10... Nxd4 {Die Stellung ist ausgeglichen.} 11. cxd4 Bxa4 12. Qxa4 c5 13. dxc5 dxc5 14. e5 b5 15. Qc2 Nd5 16. Ne4 (16. Qe4 $15) 16... Nb4 $17 17. Qe2 Qd5 18. Nc3 Qd3 19. Qg4 f5 (19... Rad8 $17) 20. exf6 $1 $11 Bxf6 {Und ...Tae8 würde nun gewinnen.} 21. Be3 $1 {[%cal Re3c5]} Rac8 {[#]} (21... Qc4 $11 22. Qxc4+ bxc4) 22. Rac1 $2 ({Besser ist} 22. Ne4 $1 $16 Rce8 23. Nxf6+ (23. Nxc5 Qc4 $16) 23... Rxf6 24. Bxc5) 22... Qg6 $1 $15 {[%cal Rg6g4]} 23. Qe6+ {[#]} Kh8 $1 {Precision: Weiß = 16%, Schwarz = 63%.} 0-1

[Event "1st Goa GM Open 2018"]
[Site "Taleigao"]
[Date "2018.10.14"]
[Round "3"]
[White "Deshpande, Aniruddha"]
[Black "Vardan Nagpal"]
[Result "1-0"]
[WhiteElo "2213"]
[BlackElo "2433"]
[Annotator "TA"]
[PlyCount "71"]
[EventDate "2018.10.13"]
[EventType "swiss"]
[EventCountry "IND"]
[SourceTitle "playchess.com"]
[Source "ChessBase"]
[SourceQuality "1"]

{[%evp 16,71,0,0,8,-25,-5,-11,15,16,11,12,21,11,19,0,17,0,0,0,0,14,27,30,37,33,39,23,49,44,41,41,41,46,75,72,76,60,250,-1554,-1527,-1732,479,471,470,63,283,279,250,-627,405,400,331,296,792,662,29994,974]} 1. d4 d5 2. c4 c6 3. Nf3 Nf6 4. Qb3 dxc4 5. Qxc4 Bg4 6. Nbd2 {[%cal Bb1d2,Bd2b3,Bb3c5][%mdl 32]} Nbd7 {D23: Queen's Gambit Accepted: 3 Nf3 Nf6 sidelines} 7. g3 e6 8. Bg2 Be7 9. O-O {LiveBook: 246 Games} O-O 10. Nb3 (10. b3 Qa5 11. Bb2 Rac8 12. Rfd1 Rfd8 13. h3 Bh5 14. Qc1 {0-1 (56) Le,Q (2737)-Mamedov,R (2709) Riadh 2017}) 10... a5 11. Ne5 Bf5 12. Nxd7 Nxd7 $146 ({Predecessor:} 12... Qxd7 13. Nc5 Qc8 14. e4 {0-1 (37) Straub,N (2159)-Mader,M (2203) Germany 2018}) 13. e4 Bg6 14. Be3 a4 15. Nc5 b5 16. Qe2 Nxc5 17. dxc5 e5 18. Rfd1 Qc7 19. h4 $36 {[%mdl 2048] And now h5 would win. White has good play.} f6 20. Bh3 {aiming for Rd7.} Rfd8 21. Be6+ Bf7 22. Bxf7+ Kxf7 23. Qh5+ Kg8 24. Qf5 Bf8 25. Qe6+ Kh8 26. Kg2 Qc8 $2 ({Black should play} 26... h5 $14) 27. Rd3 $4 {[%mdl 8192]} (27. Rxd8 $18 Qxe6 28. Rxa8) 27... Qxe6 $19 28. Rxd8 Rb8 $4 {[%mdl 8192]} (28... Rxd8 $19 {and life is good for Black.} 29. Kg1 Qc4) 29. Rxb8 $18 Kg8 30. Ra8 $2 (30. Rd1 $1 $18) 30... Kf7 $2 (30... Qg4 $1 $14) 31. Rd1 $1 Be7 {[#]} 32. Rdd8 $4 {[%mdl 8192]} (32. b3 $1 $18 {[%mdl 512]}) 32... Qc4 $4 {[%mdl 8192] [#]} (32... Bxd8 $19 {and all is fine.} 33. Rxd8 Qxa2 34. Rd7+ Ke8) 33. Ra7 $1 Qxe4+ 34. Kh2 {Threatens to win with Rdd7.} Kg6 $2 (34... Qg4 35. Rdd7 Qe6) 35. Rxe7 f5 36. Re6+ {Precision: White = 49%, Black = 41%.} (36. Rd6+ $142 Kh5 37. Rxg7 Qxh4+ 38. gxh4 f4 39. Rf6 h6 40. Kh3 fxe3 41. Rf5#) 1-0

[Event "1st Goa GM Open 2018"]
[Site "Taleigao"]
[Date "2018.10.14"]
[Round "3"]
[White "Samant Aditya S"]
[Black "Tukhaev, Adam"]
[Result "0-1"]
[WhiteElo "2211"]
[BlackElo "2556"]
[Annotator "TA"]
[PlyCount "70"]
[EventDate "2018.10.13"]
[EventType "swiss"]
[EventCountry "IND"]
[SourceTitle "playchess.com"]
[Source "ChessBase"]
[SourceQuality "1"]

{[%evp 21,70,22,32,27,25,-10,21,-14,-14,-16,-8,-2,0,-29,-26,-16,-30,-64,-56,-60,-59,-52,-52,-69,-68,-64,-62,-60,-25,-58,-57,-145,-130,-189,-178,-341,-355,-348,-348,-317,-313,-668,-661,-629,-631,-635,-583,-579,-563,-527,-535]} 1. e4 d6 2. d4 g6 3. Nc3 Bg7 4. Be3 a6 5. Nf3 b5 6. Bd3 Bb7 7. O-O {B06: Modern Defence} (7. e5 Nd7 8. e6 fxe6 9. Ng5 Nf8 10. O-O Nf6 11. Re1 h6 12. Nf3 g5 13. Bd2 Qd7 14. h3 Kf7 {0-1 (46) Moiseenko,A (2667)-Petrosian,T (2601) Riadh 2017}) 7... Nd7 8. a4 b4 9. Ne2 Ngf6 10. Ng3 O-O 11. h3 c5 {LiveBook: 5 Games} 12. c3 a5 13. Qe2 {[#]} Qc7 $146 ({Predecessor:} 13... e6 14. Nd2 {½-½ (38) Bilguun,S (2343)-Sanal,V (2522) Khanty-Mansiysk 2015}) 14. cxb4 axb4 15. Rfc1 Rfc8 16. b3 e6 17. dxc5 Nxc5 18. Bxc5 dxc5 19. Rab1 Nd7 20. Nf1 Ne5 21. Nxe5 Bxe5 22. Ne3 Rd8 23. Rd1 Bc3 24. Nc4 f5 25. Bc2 Bd4 26. Ne3 (26. Kh1 $15) 26... Qf4 27. Qc4 (27. Bd3 $17) 27... Rd6 $19 ({Resist} 27... fxe4 28. Qxe6+ Kh8 29. Qe7 $17) 28. exf5 $2 {[#]} (28. Qe2 {is a better defense.}) 28... Ba6 (28... gxf5 $2 29. Qe2 $19) 29. Rxd4 Qxd4 ({Less strong is} 29... cxd4 30. Qxb4 exf5 31. g3 $17) 30. Qxd4 cxd4 31. fxg6 $2 (31. Nc4 Bxc4 32. bxc4) 31... dxe3 {Black is clearly winning.} 32. gxh7+ Kh8 33. fxe3 Rd2 34. Be4 Bd3 35. Bxd3 Rxd3 {Precision: White = 34%, Black = 83%.} 0-1

[Event "1st Goa GM Open 2018"]
[Site "Taleigao"]
[Date "2018.10.14"]
[Round "3"]
[White "Ajay Karthikeyan"]
[Black "Kunte, Abhijit"]
[Result "1/2-1/2"]
[WhiteElo "2195"]
[BlackElo "2484"]
[Annotator "TA"]
[PlyCount "70"]
[EventDate "2018.10.13"]
[EventType "swiss"]
[EventCountry "IND"]
[SourceTitle "playchess.com"]
[Source "ChessBase"]
[SourceQuality "1"]

{[%evp 18,70,72,62,90,90,92,78,89,86,86,72,81,52,57,42,42,36,59,28,39,37,41,48,41,41,47,40,75,52,54,53,50,9,29,24,71,77,70,81,82,56,99,100,155,158,160,161,139,114,218,218,211,209,193]} 1. d4 Nf6 2. Bf4 g6 3. Nc3 c5 4. d5 d6 5. e4 Bg7 6. Nf3 Bg4 7. Be2 O-O 8. O-O Bxf3 9. Bxf3 Nbd7 10. a4 {[%cal Ba2a4,Ba4a5][%mdl 32] LiveBook: 5 Games} a6 {A43: Schmid Benoni} 11. a5 $146 ({Predecessor:} 11. Be2 Qa5 12. Ra3 Rfc8 {½-½ (40) Ramirez,A (2592)-Amanov,Z (2382) Los Angeles 2011}) 11... Ne8 12. Qd2 e5 {White is better.} 13. dxe6 fxe6 14. Be2 ({Not} 14. Bxd6 $2 Ne5 $19) 14... Ne5 15. Be3 Nc6 16. Na4 Qe7 17. Nb6 Rd8 18. Rad1 Kh8 19. Bc4 Nc7 20. Bg5 Bf6 21. Bf4 {[%cal Rf4d6]} Ne8 22. Bg3 g5 23. Kh1 Be5 24. Bxe5+ Nxe5 25. Be2 Qf6 26. c3 g4 27. Nc4 Nxc4 28. Bxc4 Qe5 29. Qh6 {[%cal Rh6f8] [#]} Ng7 30. Qh4 Rde8 ({Black should play} 30... Qf4) 31. Qxg4 $16 Rf4 {[#]} 32. Qh3 $1 d5 33. Be2 dxe4 (33... Ref8 $16 {was called for.}) 34. Rd7 $18 Ref8 35. Kg1 R4f7 {Precision: White = 70%, Black = 44%.} 1/2-1/2

[Event "1st Goa GM Open 2018"]
[Site "Taleigao"]
[Date "2018.10.14"]
[Round "3"]
[White "Snehal, Bhosale"]
[Black "Babujian, Levon"]
[Result "0-1"]
[WhiteElo "2141"]
[BlackElo "2456"]
[Annotator "TA"]
[PlyCount "90"]
[EventDate "2018.10.13"]
[EventType "swiss"]
[EventCountry "IND"]
[SourceTitle "playchess.com"]
[Source "ChessBase"]
[SourceQuality "1"]

{[%evp 20,90,-5,-6,0,-19,0,0,0,0,0,0,0,-8,0,0,-7,-17,21,22,34,36,37,37,268,200,201,174,155,152,212,220,212,201,206,200,213,207,192,169,205,215,261,266,265,277,298,0,197,178,193,179,208,0,104,0,188,138,72,0,81,0,93,0,0,-30,0,-193,-150,-29969,-29970,-29999,0]} 1. d4 Nf6 2. Nf3 g6 3. Bg5 Bg7 4. Nbd2 d5 5. e3 O-O 6. Bd3 Nc6 7. c3 Re8 8. O-O e5 9. dxe5 Nxe5 10. Nxe5 Rxe5 11. Bh4 {LiveBook: 15 Games. D03: 1 d4 d5 2 Nf3 Nf6 3 Bg5, including Torre Attack with early ...d5} (11. Bf4 Re8 12. h3 c6 13. a4 a5 14. Re1 Nd7 15. Nf3 Nc5 16. Bc2 Ne4 17. Nd4 Bd7 18. Bd3 Qb6 {1-0 (41) Cori Tello,J (2664)-Wei,Y (2742) Batumi 2018}) 11... Qe8 12. Qb3 c5 $146 ({Predecessor:} 12... Ne4 13. Nxe4 dxe4 14. Be2 Qc6 15. Bc4 Be6 16. Bxe6 Rxe6 17. Rad1 a5 18. a4 Re5 19. Bg3 Rc5 20. Rd2 Be5 {½-½ (20) Orso,M (2390)-Khenkin,I (2450) Eger 1990}) 13. c4 {The position is equal.} Ne4 14. Bxe4 dxe4 15. Nb1 {[#]} b5 $1 {[%mdl 512]} 16. Nc3 (16. Qxb5 Qxb5) 16... bxc4 17. Qc2 Qc6 18. Rad1 Bg4 19. Rd2 Rae8 20. h3 $36 {[%cal Bh2h3,Bh3h4][%mdl 2080] Black is under pressure.} Rh5 21. Bg3 Bf3 $2 (21... Be6 $14) 22. gxf3 {[%cal Rc3e4]} Qc8 23. h4 exf3 24. Qd1 $1 {[%cal Rd1f3]} Bxc3 (24... Qg4 $16 {is a better defense.} 25. Rd8 Rf8) 25. bxc3 $18 Qg4 26. Rd8 Kg7 {Strongly threatening ...Rxd8.} 27. Rxe8 Rxh4 28. Rg8+ $1 (28. Qd6 $2 {gets mated.} Rh1+ $1 {[%mdl 512]} 29. Kxh1 Qh3+ 30. Bh2 Qg2#) 28... Kh6 29. Qxf3 $1 Qxf3 {[%csl Gf3][%cal Rh4h1]} 30. Bxh4 Kh5 31. Bg3 $1 Kg4 {( -> ...Kh3)} 32. Kh2 Qe2 33. Kg2 $2 ({White should try} 33. Rg1 $18) 33... h5 $2 (33... Qf3+ $11 34. Kh2 h5) 34. Rh1 {And now Rh4+ would win.} Qf3+ 35. Kg1 {Hoping for Rh4+.} Qd1+ 36. Kg2 $2 (36. Kh2 $18 Qd7 37. Rg1) 36... Qd5+ (36... Qf3+ $11 37. Kg1 g5 38. Rh4+ Kf5) 37. Kg1 (37. Kh2 $1 $16) 37... Kf3 $2 (37... Qd1+ $11 {and Black stays safe.} 38. Kh2 Qd3) 38. Rg7 Ke2 39. Rh3 (39. e4 $16 Qe6 40. Rg8) 39... a5 (39... Qd1+ $11 40. Kg2 Qd5+ 41. Kg1 Qd1+ 42. Kg2 Qd5+ 43. Kg1) 40. Rg8 (40. Bf4 $16) 40... a4 {[#]} (40... Qd2 $11) 41. e4 (41. Bh4 $1 $16) 41... Qd3 $1 $11 42. Rf8 Qb1+ 43. Kh2 $2 {[#]} (43. Kg2 $1 $11 Qxe4+ 44. Kg1) 43... Kf1 $1 $19 44. Bd6 $2 (44. Rd8 $17 Qc2 45. Rd5) 44... Qxe4 {[%csl Gf1][%cal Re4g2]} 45. Bg3 Qb1 $2 {[%mdl 32768] Precision: White = 39%, Black = 43%. . Loss on Time!?} (45... Qg2# {mates}) 0-1

[Event "1st Goa GM Open 2018"]
[Site "Taleigao"]
[Date "2018.10.14"]
[Round "3"]
[White "Panda Sambit"]
[Black "Akash G"]
[Result "0-1"]
[WhiteElo "2074"]
[BlackElo "2424"]
[Annotator "TA"]
[PlyCount "86"]
[EventDate "2018.10.13"]
[EventType "swiss"]
[EventCountry "IND"]
[SourceTitle "playchess.com"]
[Source "ChessBase"]
[SourceQuality "1"]

{[%evp 23,86,41,45,41,44,0,57,42,43,33,33,33,37,18,36,-35,-35,-35,-35,-27,-37,-36,-31,-36,-33,-22,-27,-39,-31,-43,-9,-50,-34,-132,-118,-105,-28,-162,-50,-59,-51,-37,-52,-138,-129,-165,-165,-164,-179,-184,-208,-206,-200,-247,-192,-312,-266,-371,-373,-426,-283,-451,-435,-645,-626]} 1. d4 Nf6 2. c4 g6 3. Nc3 Bg7 4. e4 O-O 5. Be2 d6 6. Be3 Nbd7 7. Nf3 {[%cal Bg1f3,Bf3e1,Be1d3][%mdl 32]} e5 8. d5 Ng4 9. Bg5 f6 10. Bh4 a5 11. O-O Nc5 12. Ne1 h5 13. h3 {E92: King's Indian: Classical: 6 Be2 e5: 7 dxe5, 7 Be3 and Petrosian System without 7...Nbd7} Nh6 14. Nd3 {[#]} Nf7 $146 (14... Nxd3 $11 15. Bxd3 (15. Qxd3 g5 $11) 15... g5) ({Predecessor:} 14... b6 15. a3 g5 16. Bg3 g4 17. hxg4 hxg4 18. b4 axb4 19. axb4 Rxa1 20. Qxa1 Nb3 {0-1 (33) Abdel Razik,K (2435)-Amin,B (2629) Cairo 2014}) 15. a3 {White is slightly better.} Bh6 16. Bg3 Bd7 17. Nxc5 dxc5 18. Qd3 Kg7 19. f4 (19. Rfe1 $14) 19... exf4 $15 20. Bxf4 Bxf4 21. Rxf4 Qe7 22. Raf1 Nd6 $1 23. Qe3 b6 24. h4 Qe5 25. Qf2 Rae8 {[%cal Ba8e8,Be8e7,Be7f7][%mdl 32]} 26. Bd3 Bg4 27. Nb1 Re7 28. Kh1 (28. Nc3 $15) 28... Ref7 29. Nc3 {[#]} Bc8 (29... g5 $1 $17 30. hxg5 fxg5 31. Rxf7+ Rxf7) 30. Be2 {[#]} (30. Qg3 $11 {and White has nothing to worry.}) 30... Rh8 (30... Ba6 $1 $19 31. g4 g5 32. hxg5 fxg5 33. Rxf7+ Rxf7) 31. Bd3 Ba6 32. Qe2 Re8 33. g3 (33. R1f2 $15) 33... Qd4 $17 34. Kh2 Bxc4 35. Bxc4 Qxc4 ({Not} 35... Nxc4 $2 36. Rd1 $18) 36. Qf3 Qd4 37. g4 Qe5 {Strongly threatening ...g5.} 38. Kh1 Rh8 {...g5 is the strong threat.} 39. g5 (39. Kg1 $142) 39... f5 {[%cal Bf6f5,Bf5e4][%mdl 32]} 40. Rf2 {and if Re2 works, White does fine.} Rhf8 41. Qg3 Kg8 42. Rf1 (42. Kg2 {was called for.}) 42... b5 $19 43. Re1 (43. Qe3 $142 b4 44. Nd1) 43... fxe4 {Precision: White = 19%, Black = 65%.} 0-1

[Event "1st Goa GM Open 2018"]
[Site "Taleigao"]
[Date "2018.10.14"]
[Round "3"]
[White "Gandhi, Anish"]
[Black "Bernadskiy, Vitaliy"]
[Result "0-1"]
[WhiteElo "2042"]
[BlackElo "2547"]
[Annotator "TA"]
[PlyCount "76"]
[EventDate "2018.10.13"]
[EventType "swiss"]
[EventCountry "IND"]
[SourceTitle "playchess.com"]
[Source "ChessBase"]
[SourceQuality "1"]

{[%evp 16,76,50,57,54,40,68,70,76,-8,27,11,49,31,42,20,135,3,29,-90,207,183,203,54,210,206,186,44,49,41,73,46,38,0,0,-25,-3,-17,-29,-25,-25,-25,-25,-30,0,-9,-8,-16,0,0,0,-249,-245,-225,-205,-319,-291,-335,-360,-359,-352,-262,-261]} 1. e4 c5 2. Nf3 d6 3. d4 cxd4 4. Nxd4 Nf6 5. Nc3 Nc6 6. Bg5 e6 7. Qd3 a6 8. Nxc6 {B62: Sicilian: Richter-Rauzer: 6...e6: Unusual White 7th moves} (8. O-O-O Bd7 9. f4 h6 10. Bh4 Be7 11. Be2 Rc8 12. Kb1 O-O 13. Nb3 d5 14. e5 Ne4 15. Bxe7 Nxc3+ 16. Qxc3 Qxe7 17. Qe3 {1-0 (37) Kovalev,V (2648)-Darini,P (2478) Sharjah 2018}) 8... bxc6 9. O-O-O {LiveBook: 4 Games. e5 is the strong threat.} h6 10. Bf4 {[%cal Rf4d6] White is slightly better.} d5 11. Be2 Bb4 12. g4 $146 (12. a3 $16 Bd6 13. e5) ({Predecessor:} 12. a3 Be7 13. Qg3 Kf8 14. Be5 Rg8 15. Rhe1 Bb7 16. exd5 cxd5 {1-0 (62) Kostyra,S (2315)-Mukhametov,E (2390) Katowice 1991}) 12... O-O 13. e5 Nd7 14. g5 $1 $36 {[%mdl 2048] White is more active.} hxg5 15. Rdg1 Nc5 ({Stronger than} 15... gxf4 16. Rxg7+ $1 {[%mdl 512]} Kxg7 17. Rg1+ Qg5 18. Rxg5+ Kh6 19. Rh5+ Kg7 20. Qh7#) (15... Be7 $11 16. Qg3 g6 17. Bxg5 Bxg5+ 18. Qxg5 Qxg5+ 19. Rxg5 Rb8) 16. Qd4 ({White must play} 16. Qh3 $1 $16 Bxc3 17. Rxg5 Bxe5 18. Rxe5) 16... Bxc3 $1 $11 17. Qxc5 {[#]} (17. bxc3 $11 {remains equal.} Ne4 18. Bxg5 $1 {[%mdl 512]}) 17... gxf4 $4 {[%mdl 8192]} (17... Bxb2+ $1 $17 {[%mdl 512] and life is bright.} 18. Kxb2 gxf4) 18. Qxc3 $18 {Intending Rxg7+! and mate.} Qh4 19. Rg4 (19. Qf3 $1 $18) 19... Qh6 $2 (19... Qxf2 $14 20. Rhg1 g6) 20. Qf3 f5 21. Rxf4 (21. Rg2 $1 $18) 21... g5 $14 22. Rg1 Ra7 $1 23. h4 $1 {[%cal Rh4g5]} g4 24. Qg3 Rg7 25. Kb1 c5 26. f3 (26. Rf1 {with more complications.} Rh7 27. f3 Qxh4 28. Qxh4 Rxh4 29. fxg4 Kf7 30. R4f2) 26... gxf3 27. Qxg7+ Qxg7 28. Rxg7+ Kxg7 29. Bxf3 $11 {[%mdl 4096] Endgame KRB-KRB} Kh6 30. c4 Bb7 31. Kc2 Rd8 32. b3 Rd7 33. Kc3 $2 {[#]} (33. cxd5 $11 Bxd5 34. Be2) 33... d4+ $1 $19 34. Kd3 {[#]} a5 $1 35. Bxb7 (35. Kd2 {was called for.}) 35... Rxb7 36. Kc2 Rg7 37. a3 {If White can now play b4 this consolidates a bit.} Rg2+ 38. Kc1 Rg4 {Precision: White = 38%, Black = 49%.} 0-1